Investment Banking (Record no. 11663)

MARC details
000 -LEADER
fixed length control field 00386nam a2200169 4500
003 - CONTROL NUMBER IDENTIFIER
control field OSt
008 - FIXED-LENGTH DATA ELEMENTS--GENERAL INFORMATION
fixed length control field 230105b ||||| |||| 00| 0 eng d
020 ## - INTERNATIONAL STANDARD BOOK NUMBER
International Standard Book Number 9789354600883
082 ## - DEWEY DECIMAL CLASSIFICATION NUMBER
Classification number 332.66 GII
100 ## - MAIN ENTRY--PERSONAL NAME
Personal name GIRI S,Pratap
245 ## - TITLE STATEMENT
Title Investment Banking
250 ## - EDITION STATEMENT
Edition statement 4th Ed
260 ## - PUBLICATION, DISTRIBUTION, ETC. (IMPRINT)
Place of publication, distribution, etc New Delhi
Name of publisher, distributor, etc TMH
Date of publication, distribution, etc 2021
300 ## - PHYSICAL DESCRIPTION
Extent 680
650 ## - SUBJECT ADDED ENTRY--TOPICAL TERM
Topical term or geographic name as entry element Investment Banking
942 ## - ADDED ENTRY ELEMENTS (KOHA)
Source of classification or shelving scheme Dewey Decimal Classification
Koha item type Reference Books
Holdings
Withdrawn status Lost status Source of classification or shelving scheme Damaged status Not for loan Collection code Home library Current library Date acquired Source of acquisition Currency Cost, normal purchase price Bill Number Total Checkouts Full call number Acc. no. / Barcode Date last seen Actual Cost, discounted price Bill Date Koha item type Date last borrowed
    Dewey Decimal Classification     MBA PIET C-LIBRARY PIET C-LIBRARY 09/12/2022 International Book Centre IN Rupees 985.00 IB/IN/851   332.66 GII 34323 05/01/2023 679.65 09/12/2022 Reference Books  
    Dewey Decimal Classification     MBA PIET C-LIBRARY PIET C-LIBRARY 28/03/2025 Zaffa Books INR 1095.00 ZBD0591 2 332.66 GII 38827 12/05/2025 744.75 28/03/2025 Text Books 29/04/2025
    Dewey Decimal Classification     MBA PIET C-LIBRARY PIET C-LIBRARY 28/03/2025 Zaffa Books INR 1095.00 ZBD0591   332.66 GII 38828 01/04/2025 744.75 28/03/2025 Text Books  

Design & Developed by: PIET Central Library
R70 Miles Stone Pattikalyana Samalkha Panipat 132102
mail ID :- [email protected], Phone No:- 0180-2569700 Ex.216